LEADER 01387nas 22005055a 450 001 996335466003316 005 20230522010532.0 011 $a1755-7518 024 7 $a98200285 035 $a(DE-599)ZDB2494385-X 035 $a(OCoLC)369172044 035 $a(CKB)1000000000694356 035 $a(CONSER)--2017205817 035 $a(EXLCZ)991000000000694356 100 $a20090603a20099999 --- a 101 0 $aeng 135 $aurmnu|||||||| 181 $ctxt$2rdacontent 182 $cc$2rdamedia 183 $acr$2rdacarrier 200 00$aJournal of historical research in marketing 210 $aBingley, U.K. $cEmerald Group Pub 311 $a1755-750X 606 $aMarketing$vPeriodicals 606 $aMarketing$vPériodiques 606 $aPublications périodiques$2eclas 606 $aMarketing$2eclas 606 $aHistoire$2eclas 606 $aMarketing$2fast$3(OCoLC)fst01010167 608 $aPeriodicals.$2fast 615 0$aMarketing 615 6$aMarketing 615 7$aPublications périodiques. 615 7$aMarketing. 615 7$aHistoire. 615 7$aMarketing. 676 $a658.8005 686 $a3,2$2ssgn 686 $a630$2zdbs 686 $aBIZ-07001$2skw 686 $awiw$2olc-ssg 906 $aJOURNAL 912 $a996335466003316 996 $aJournal of historical research in marketing$92330923 997 $aUNISA LEADER 02987oas 2201153 a 450 001 9910144199903321 005 20251105213014.0 011 $a1661-5867 035 $a(DE-599)ZDB2233784-2 035 $a(OCoLC)70164755 035 $a(CONSER) 2019204744 035 $a(CKB)1000000000221506 035 $a(EXLCZ)991000000000221506 100 $a20060623a20069999 sy a 101 0 $aeng 135 $aurcn||||||||| 181 $ctxt$2rdacontent 182 $cc$2rdamedia 183 $acr$2rdacarrier 200 00$aJournal fu?r Verbraucherschutz und Lebensmittelsicherheit 210 $aBasel $cBirkha?user$d2006- 215 $aOnline resource 300 $aRefereed/Peer-reviewed 311 08$a1661-5751 517 3 $aJournal of consumer protection and food safety 517 1 $aJVL 531 1 $aJ. Verbrauch.schutz Lebensm.sicherh. 606 $aFood$xSafety measures$vPeriodicals 606 $aConsumer protection$vPeriodicals 606 $aAliments$xSe?curite?$xMesures$vPe?riodiques 606 $aConsommateurs$xProtection$vPe?riodiques 606 $aConsumer protection$2fast 606 $aFood$xSafety measures$2fast 606 $aLebensmittel$2gnd 606 $aProduktsicherheit$2gnd 606 $aVerbraucherschutz$2gnd 606 $aProtecció del consumidor$2thub 606 $aAliments$2thub 607 $aAlemanya$2thub 608 $aPeriodical. 608 $aRevistes electro?niques. 608 $aperiodicals.$2aat 608 $aPeriodicals$2fast 608 $aPeriodicals.$2lcgft 608 $aPe?riodiques.$2rvmgf 608 $aRevistes electròniques.$2thub 615 0$aFood$xSafety measures 615 0$aConsumer protection 615 6$aAliments$xSe?curite?$xMesures 615 6$aConsommateurs$xProtection 615 7$aConsumer protection 615 7$aFood$xSafety measures 615 7$aLebensmittel 615 7$aProduktsicherheit 615 7$aVerbraucherschutz 615 7$aProtecció del consumidor. 615 7$aAliments. 676 $a363.192 801 0$bCPV 801 1$bCPV 801 2$bOCL 801 2$bDLC 801 2$bMUQ 801 2$bAUD 801 2$bOCLCQ 801 2$bCIT 801 2$bOCLCQ 801 2$bUKMGB 801 2$bOCLCQ 801 2$bRIV 801 2$bOCLCF 801 2$bOCLCQ 801 2$bCUD 801 2$bFIE 801 2$bVT2 801 2$bOCLCQ 801 2$bWYU 801 2$bOCLCO 801 2$bADU 801 2$bWAU 801 2$bMYTML 801 2$bEZC 801 2$bYOU 801 2$bNJT 801 2$bDLC 801 2$bUBY 801 2$bOCLCO 801 2$bQGK 801 2$bSFB 801 2$bOCLCO 801 2$bOCLCQ 801 2$bOCLCA 801 2$bOCLCL 801 2$bOCLCA 801 2$bOCLCQ 906 $aJOURNAL 912 $a9910144199903321 996 $aJournal für Verbraucherschutz und Lebensmittelsicherheit$92262334 997 $aUNINA